[Event "Olomouc Chess Summer 2025 - D2"]
[Site "Olomouc (CZE), Hotel Flora"]
[Date "2025.08.20"]
[Round "5"]
[Board "18"]
[White "Hlousek, Milan"]
[Black "Pavlicek, Petr"]
[Result "0-1"]
[WhiteElo "1761"]
[BlackElo "1916"]
[PlyCount "0"]
[EventDate "2025.08.17"]
[EventRounds "9"]
[EventCountry "CZE"]

1. e4 e5 2. Nf3 Nc6 3. Bb5 Nge7 4. d4 exd4 5. Nxd4 Nxd4 6. Qxd4 a6 7. Ba4 Nc6 8.
Qd1 b5 9. Bb3 Na5 10. c3 Nxb3 11. Qxb3 Bb7 12. Nd2 Qf6 13. O-O Bc5 14. Qc2 O-O 15.
Nf3 Qg6 16. Ne5 Qe6 17. Bf4 d6 18. Nd3 Qxe4  0-1

[Event "Olomouc Chess Summer 2025 - D2"]
[Site "Olomouc (CZE), Hotel Flora"]
[Date "2025.08.20"]
[Round "5"]
[Board "19"]
[White "Dvorak, Vladimir"]
[Black "Med, Ladislav"]
[Result "1-0"]
[WhiteElo "1912"]
[BlackElo "1846"]
[PlyCount "0"]
[EventDate "2025.08.17"]
[EventRounds "9"]
[EventCountry "CZE"]

1. e4 c5 2. d4 cxd4 3. c3 dxc3 4. Nxc3 d6 5. Nf3 Bg4 6. Bc4 e6 7. O-O Nc6 8. Bf4
a6 9. Rc1 Nf6 10. h3 Bxf3 11. Qxf3 e5 12. Be3 Be7 13. g4 O-O 14. a3 Ne8 15. Nd5 Nd4
16. Bxd4 exd4 17. Qd3 Nf6 18. Qxd4 Nxd5 19. Bxd5 Rb8 20. Rc2 Bf6 21. Qd3 h6 22. Kg2
g5 23. f4 gxf4 24. Rxf4 Be5 25. Rf5 Kg7 26. Qc4 f6 27. Qc7+ Qxc7 28. Rxc7+ Kg6 29.
h4 h5 30. Rxh5 Rh8 31. Bf7+ Kg7 32. Be6+  1-0

[Event "Olomouc Chess Summer 2025 - D2"]
[Site "Olomouc (CZE), Hotel Flora"]
[Date "2025.08.20"]
[Round "5"]
[Board "20"]
[White "Musil, Vitezslav"]
[Black "Titera, Libor"]
[Result "1/2-1/2"]
[WhiteElo "1910"]
[BlackElo "1843"]
[PlyCount "0"]
[EventDate "2025.08.17"]
[EventRounds "9"]
[EventCountry "CZE"]

1. e4 e6 2. Bb5 c6 3. Be2 d5 4. d3 Nf6 5. Nd2 Be7 6. Ngf3 O-O 7. O-O c5 8. c3 Nc6
9. Qc2 Bd7 10. b3 Rc8 11. Bb2 Qc7 12. Rac1 Qf4 13. Rfe1 h5 14. g3 Qh6 15. Bf1 Ng4
16. exd5 exd5 17. h3 Nf6 18. Bg2 Bd6 19. Nf1 g5 20. Qd2 Nh7 21. h4 f6 22. d4 cxd4
23. Nxd4 Kh8 24. Bxd5 Nxd4 25. cxd4 Qg6 26. Be4 f5 27. Bxb7 Rxc1 28. Rxc1 gxh4 29.
Bg2 hxg3 30. fxg3 f4 31. d5+ Kg8 32. Qc3 fxg3 33. Qh8+ Kf7 34. Qd4 Nf6 35. Qxa7 Qf5
36. Rc3 Qf2+ 37. Qxf2 gxf2+ 38. Kxf2 Ng4+ 39. Kg1 Ke7 40. Rc2 Bb5 41. Bd4 Rf4 42.
Bc5 Kd7 43. Bxd6 Kxd6 44. Rd2 h4 45. Nh2 Ne5 46. a4 Bd7 47. Rf2 Rb4 48. Rf6+ Kc5
49. Rh6 Rxb3 50. Rxh4 Ra3 51. Rh5 Kd6 52. Rh6+ Kc5 53. Rh5 Kd6  1/2-1/2

[Event "Olomouc Chess Summer 2025 - D2"]
[Site "Olomouc (CZE), Hotel Flora"]
[Date "2025.08.21"]
[Round "6"]
[Board "1"]
[White "Babula, Milan"]
[Black "Kubicek, Antonin"]
[Result "1/2-1/2"]
[WhiteElo "2086"]
[BlackElo "2074"]
[PlyCount "0"]
[EventDate "2025.08.17"]
[EventRounds "9"]
[EventCountry "CZE"]

1. e4 c5 2. Nf3 e6 3. c3 d5 4. exd5 exd5 5. d4 cxd4 6. Nxd4 a6 7. Nd2 Nf6 8. Be2
Be7 9. O-O O-O 10. N2b3 Nc6  1/2-1/2

[Event "Olomouc Chess Summer 2025 - D2"]
[Site "Olomouc (CZE), Hotel Flora"]
[Date "2025.08.21"]
[Round "6"]
[Board "2"]
[White "Mlynek, Petr"]
[Black "Schmid, Thomas"]
[Result "0-1"]
[WhiteElo "2007"]
[BlackElo "2038"]
[PlyCount "0"]
[EventDate "2025.08.17"]
[EventRounds "9"]
[EventCountry "CZE"]

1. d4 Nf6 2. c4 g6 3. Nf3 Bg7 4. g3 b6 5. Bg2 Bb7 6. O-O O-O 7. Nc3 Ne4 8. Qd3 Nxc3
9. bxc3 Nc6 10. e4 d6 11. Be3 Na5 12. Nd2 Ba6 13. f4 c6 14. Rf2 d5 15. Qc2 Nxc4 16.
Nxc4 Bxc4 17. e5 f5 18. h3 e6 19. g4 Rf7 20. g5 Bf8 21. h4 Rc8 22. h5 c5 23. Bf3
cxd4 24. Bxd4 Bc5 25. hxg6 hxg6 26. Rh2 Bxd4+ 27. cxd4 Rg7 28. Qf2 Bd3 29. Qh4 Kf7
30. Rd2 Be4 31. Bxe4 fxe4 32. Kg2 Qc7 33. Qh3 Qc3 34. Qxc3 Rxc3 35. Rh1 Ke7 36. Rh8
Kd7 37. Ra8 Rc7 38. Kg3 Rh7 39. Rg8 Rc3+ 40. Kg2 Rhh3 41. Rg7+ Kd8 42. Rxg6 Rcg3+
43. Kf1 e3 44. Rc2 Rh1+ 45. Ke2 Rg2+ 46. Kxe3  0-1

[Event "Olomouc Chess Summer 2025 - D2"]
[Site "Olomouc (CZE), Hotel Flora"]
[Date "2025.08.21"]
[Round "6"]
[Board "3"]
[White "Lorenc, Oldrich"]
[Black "Pospisil, Evzen"]
[Result "1/2-1/2"]
[WhiteElo "2005"]
[BlackElo "2020"]
[PlyCount "0"]
[EventDate "2025.08.17"]
[EventRounds "9"]
[EventCountry "CZE"]

1. Nf3 c5 2. c4 Nc6 3. g3 g6 4. Bg2 Bg7 5. O-O e5 6. Nc3 Nge7 7. d3 O-O 8. Nd5 d6
9. e4 Nxd5 10. cxd5 Ne7 11. Bd2 a5 12. a4 Bd7 13. Ra3  1/2-1/2

[Event "Olomouc Chess Summer 2025 - D2"]
[Site "Olomouc (CZE), Hotel Flora"]
[Date "2025.08.21"]
[Round "6"]
[Board "4"]
[White "Keprt, Pavel"]
[Black "Petras, Milan"]
[Result "1/2-1/2"]
[WhiteElo "1960"]
[BlackElo "1977"]
[PlyCount "0"]
[EventDate "2025.08.17"]
[EventRounds "9"]
[EventCountry "CZE"]

1. b3 d5 2. Bb2 Bf5 3. e3 e6 4. Nf3 Nf6 5. c4 h6 6. Nc3 Be7 7. d4 O-O 8. Bd3 Bxd3
9. Qxd3 Bb4 10. O-O Nbd7 11. Rfc1 c6 12. a3 Bxc3 13. Bxc3 Ne4 14. Be1 f5 15. Nd2
Ndf6 16. f3 Nxd2 17. Qxd2 Nh5 18. Qe2 Rf7 19. Rc2 g5 20. b4 Rc8 21. Rac1 Rg7 22.
cxd5 exd5 23. b5 Qe8 24. bxc6 bxc6 25. Qd3 Rf7 26. Bb4 Ng7 27. Re1 Rf6 28. Rce2 Ne6
29. Bd6 g4 30. fxg4 fxg4 31. Be5 Rg6 32. Qf5 Qf7 33. Qxf7+ Kxf7 34. Rf1+ Kg8 35.
Rb2 Rf8 36. Rb7 Rxf1+ 37. Kxf1 c5 38. Rxa7 cxd4 39. exd4 Ng5 40. Ra5 Rb6 41. Rxd5
Kf7 42. a4 Ne4 43. Rb5 Rc6 44. Rb2 Rc1+ 45. Ke2 Ra1 46. Kd3 Ng5 47. Rb7+ Ke8 48.
Rb2 Rxa4 49. Bf6 Nf7 50. Ke4 Ra5 51. Rb8+ Kd7 52. Kf4 Rh5 53. Kxg4 Rxh2 54. g3 Nd6
55. Be5 Nf7 56. Bf4 Rh1 57. Kf5 Nd6+ 58. Kg6 Ne4 59. Rb3 h5 60. Kf5 Nd6+ 61. Bxd6
Kxd6 62. Rb5 h4 63. gxh4 Rxh4 64. Rb4  1/2-1/2

[Event "Olomouc Chess Summer 2025 - D2"]
[Site "Olomouc (CZE), Hotel Flora"]
[Date "2025.08.21"]
[Round "6"]
[Board "5"]
[White "Andersen, Per O"]
[Black "Bartos, Alois"]
[Result "0-1"]
[WhiteElo "1999"]
[BlackElo "1974"]
[PlyCount "0"]
[EventDate "2025.08.17"]
[EventRounds "9"]
[EventCountry "CZE"]

1. Nf3 Nf6 2. e3 g6 3. d4 Bg7 4. c4 c5 5. dxc5 Qa5+ 6. Bd2 Qxc5 7. Nc3 O-O 8. Be2
d6 9. h3 b6 10. O-O Bb7 11. Rc1 Nbd7 12. b4 Qc6 13. Ne1 Ne5 14. Nd5 Qd7 15. f4 Nc6
16. b5 Nd8 17. Bc3 Nxd5 18. cxd5 Bxc3 19. Rxc3 Rc8 20. Rc2 Rc5 21. Rxc5 dxc5 22.
Bc4 f6 23. Nf3 Nf7 24. a4 Nd6 25. Ba2 Qf5 26. Nd2 Rd8 27. g4 Qd3 28. Nc4 Qe4 29.
Nxd6 Rxd6 30. Re1 Bxd5 31. Bxd5+ Rxd5 32. Qb3 Kg7 33. Qb2 Qf3 34. Qg2 Qxg2+ 35. Kxg2
Rd2+ 36. Kf3 Ra2 37. Rd1 Rxa4 38. Rd7 Kf7 39. Rd8 Ra5 40. Rh8 c4 41. Rc8 Rxb5 42.
Rxc4 a5 43. Ke2 Ke6 44. Kd2 Rd5+ 45. Ke2 Rc5 46. Rd4 b5 47. Rd8 b4 48. Rb8 Kd5 49.
Rb7 Kc4 50. Rxe7 b3 51. Rb7 Kc3 52. Kd1 a4 53. Kc2+ Kxc2  0-1

[Event "Olomouc Chess Summer 2025 - D2"]
[Site "Olomouc (CZE), Hotel Flora"]
[Date "2025.08.21"]
[Round "6"]
[Board "6"]
[White "Meizlin, Yaacov"]
[Black "Kisa, Lubomir"]
[Result "1/2-1/2"]
[WhiteElo "1925"]
[BlackElo "2137"]
[PlyCount "0"]
[EventDate "2025.08.17"]
[EventRounds "9"]
[EventCountry "CZE"]

1. c4 e5 2. Nc3 Nc6 3. g3 g6 4. Bg2 Bg7 5. d3 d6 6. Rb1 a5 7. e4 Nge7 8. Nge2 O-O
9. O-O Be6 10. Nd5 f5 11. Bg5 fxe4 12. dxe4 h6 13. Be3 b6 14. Qd2 Kh7 15. b3 Qd7
16. Rbd1 Rad8 17. f4 Bg4 18. Rde1 Nxd5 19. cxd5 Ne7 20. fxe5 dxe5 21. Nc3 Nc8  1/2-1/2

[Event "Olomouc Chess Summer 2025 - D2"]
[Site "Olomouc (CZE), Hotel Flora"]
[Date "2025.08.21"]
[Round "6"]
[Board "7"]
[White "Spanton, Tim R"]
[Black "Dvorak, Vladimir"]
[Result "0-1"]
[WhiteElo "1982"]
[BlackElo "1912"]
[PlyCount "0"]
[EventDate "2025.08.17"]
[EventRounds "9"]
[EventCountry "CZE"]

1. Nc3 e6 2. d4 d5 3. e4 Be7 4. e5 c5 5. Qg4 Kf8 6. Nf3 h5 7. Qf4 cxd4 8. Nxd4 g5
9. Qe3 Nc6 10. Bd3 Nh6 11. h3 Kg7 12. Bd2 f5 13. exf6+ Bxf6 14. Nce2 Nxd4 15. Nxd4
e5 16. Nb3 e4 17. Be2 Nf5 18. Qc5 Be6 19. Bc3 Qc8 20. Bxf6+ Kxf6 21. Qxc8 Raxc8 22.
O-O-O Ke5 23. c3 Bf7 24. Nd4 Nxd4 25. Rxd4 h4 26. Re1 Bg6 27. f3 Rhf8 28. Bd3 Rf4
29. Bc2 Rc4 30. Rxc4 dxc4 31. a4 a5 32. b3 cxb3 33. Bxb3 Kf6 34. Bd5 exf3 35. Bxf3
Rxa4 36. Bxb7 Ra1+ 37. Kd2 Rxe1 38. Kxe1 Ke5 39. Kf2 a4 40. Ba6 Bf7 41. Bd3 a3 42.
Bb1 Kf4  0-1

[Event "Olomouc Chess Summer 2025 - D2"]
[Site "Olomouc (CZE), Hotel Flora"]
[Date "2025.08.21"]
[Round "6"]
[Board "8"]
[White "Pavlicek, Petr"]
[Black "Green, Per"]
[Result "1/2-1/2"]
[WhiteElo "1916"]
[BlackElo "1961"]
[PlyCount "0"]
[EventDate "2025.08.17"]
[EventRounds "9"]
[EventCountry "CZE"]

1. d4 Nf6 2. c4 e6 3. Nf3 d5 4. g3 dxc4 5. Bg2 c5 6. Qa4+ Nc6 7. dxc5 Qa5+ 8. Qxa5
Nxa5 9. Bd2 Nc6 10. Na3 Bxc5 11. Nxc4 Ne4 12. Be3 Bxe3 13. Nxe3 O-O 14. O-O f5 15.
Rad1 b6 16. Nd4 Nxd4 17. Rxd4 Ba6 18. Re1 Rfd8 19. Bxe4 fxe4 20. Red1 Rxd4 21. Rxd4
Rc8 22. Kf1 Bb5 23. Ke1 Bc6 24. Kd2  1/2-1/2

[Event "Olomouc Chess Summer 2025 - D2"]
[Site "Olomouc (CZE), Hotel Flora"]
[Date "2025.08.21"]
[Round "6"]
[Board "9"]
[White "Kolesar, Milan"]
[Black "Margovsky, Naum"]
[Result "1/2-1/2"]
[WhiteElo "2093"]
[BlackElo "1886"]
[PlyCount "0"]
[EventDate "2025.08.17"]
[EventRounds "9"]
[EventCountry "CZE"]

1. Nf3 Nf6 2. c4 c6 3. Nc3 d5 4. d4 Bf5 5. cxd5 Nxd5 6. g3 e6 7. Bg2 Bb4 8. Bd2 Nf6
9. O-O O-O 10. Qb3 Qe7 11. Nh4 Bg4 12. e4 Be2 13. Rfe1 Ba6 14. e5 Nfd7 15. Nd5 cxd5
16. Bxb4 Qd8 17. Bxf8 Qxf8 18. Bf1 Nb6 19. Bxa6 Nxa6 20. Rec1 Qe7 21. Nf3 Nb4 22.
Qc3 Nc6 23. Qc5 Qe8 24. b3 Rd8 25. Qb5 Rb8 26. a4 Nd7 27. a5 a6 28. Qa4 f6 29. exf6
gxf6 30. Kg2 Qg6 31. Qa3 Nf8 32. Qd6 Rd8 33. Qf4 Qg7 34. Re1 Nb4 35. Qd2 Nc6 36.
Rac1 Kh8 37. h3 Kg8 38. b4 Na7 39. Qf4 Nb5 40. Qg4 Qg6 41. Qxg6+ hxg6 42. Re2 Rd7
43. Rec2 Kf7 44. Rc8 g5 45. Kf1 Ng6 46. Ke2 Ne7 47. Rb8 Nc6 48. Rxc6 bxc6 49. Rb6
Ra7 50. Rxc6 Ke7 51. Kd3 Kd7 52. Rc1 Nd6 53. Nd2 e5 54. dxe5 fxe5 55. Nb3 Nc4 56.
Nc5+ Ke7 57. Rh1 Kf7 58. h4 gxh4 59. Rxh4 Kg6 60. Rh8 Rf7 61. Ke2 e4 62. Ra8 Kf5
63. Rxa6 d4 64. Rc6 d3+ 65. Kf1 Nd2+ 66. Kg2 Rh7 67. Rc8 Ke5 68. a6 Kd5 69. Rd8+
Kc4 70. Re8 Kd5 71. Nb7 Nc4 72. Rd8+ Kc6 73. Rd4 Nd2 74. Nc5 Nf3 75. Rd6+ Kxd6 76.
Nxe4+ Ke5 77. Kxf3 Kd4 78. Nd2 Rf7+ 79. Kg2 Ra7 80. b5 Kc5 81. Kf3 Re7 82. a7 Rxa7
83. Ke3 Rd7 84. g4 Kxb5 85. g5 Kb4 86. f4 Kc3 87. Ne4+ Kc2 88. f5 Re7 89. f6 Rxe4+
90. Kxe4 d2 91. f7 d1=Q 92. f8=Q Qe2+ 93. Kd5 Qd2+  1/2-1/2

[Event "Olomouc Chess Summer 2025 - D2"]
[Site "Olomouc (CZE), Hotel Flora"]
[Date "2025.08.21"]
[Round "6"]
[Board "10"]
[White "Popelka, Oldrich"]
[Black "Svub, Jan"]
[Result "1-0"]
[WhiteElo "2064"]
[BlackElo "1894"]
[PlyCount "0"]
[EventDate "2025.08.17"]
[EventRounds "9"]
[EventCountry "CZE"]

1. c4 e5 2. e3 Nf6 3. a3 c6 4. d4 exd4 5. Qxd4 d5 6. Nf3 Be7 7. Nc3 O-O 8. cxd5 cxd5
9. b4 Nc6 10. Qd1 a6 11. Be2 h6 12. Bb2 Be6 13. O-O Ne4 14. Rc1 Rc8 15. b5 Nxc3 16.
Rxc3 axb5 17. Bxb5 Bf6 18. Rc2 Bxb2 19. Rxb2 Qf6 20. Rc2 Rfd8 21. Rd2 Ne5 22. Nxe5
Qxe5 23. Rd4 Rc5 24. Bd3 Ra8 25. Qb3 Qc7 26. a4 g6 27. h4 Rc3 28. Qb2 Rc5 29. Rb1
Ra7 30. g3 Rc6 31. Kg2 Rc5 32. Rb4 Bc8 33. Qd4 Rca5 34. h5 g5 35. Qf6 Qc6 36. Qd8+
Kg7 37. Rb6 Qd7 38. Qf6+ Kg8 39. Rd6 Qh3+ 40. Kg1 Bd7 41. Qxh6 Ra8 42. Bh7+  1-0

[Event "Olomouc Chess Summer 2025 - D2"]
[Site "Olomouc (CZE), Hotel Flora"]
[Date "2025.08.21"]
[Round "6"]
[Board "11"]
[White "Mojzis, Jan"]
[Black "Kulhavy, Frantisek"]
[Result "1/2-1/2"]
[WhiteElo "2028"]
[BlackElo "1886"]
[PlyCount "0"]
[EventDate "2025.08.17"]
[EventRounds "9"]
[EventCountry "CZE"]

1. e4 c5 2. Nf3 Nc6 3. d4 cxd4 4. Nxd4 Nf6 5. Nc3 a6 6. Be3 e6 7. Qd2 Be7 8. f3 d5
9. O-O-O O-O 10. Qf2 Qc7 11. exd5 Nxd5 12. Nxd5 exd5 13. Kb1 Bf6 14. c3 Re8 15. Bd3
Ne5 16. Bc2 Nc4 17. Rhe1 Qb6 18. Bb3 Bd7 19. Bxc4 dxc4 20. g4 Bxd4 21. Bxd4 Qg6+
 1/2-1/2

[Event "Olomouc Chess Summer 2025 - D2"]
[Site "Olomouc (CZE), Hotel Flora"]
[Date "2025.08.21"]
[Round "6"]
[Board "12"]
[White "Musil, Vitezslav"]
[Black "Ortoft, Kai"]
[Result "1/2-1/2"]
[WhiteElo "1910"]
[BlackElo "1992"]
[PlyCount "0"]
[EventDate "2025.08.17"]
[EventRounds "9"]
[EventCountry "CZE"]

1. e4 d6 2. d4 Nf6 3. Nc3 Nbd7 4. f4 e5 5. Nf3 exd4 6. Nxd4 c6 7. Be2 Nc5 8. Bf3
Be7 9. Be3 O-O 10. O-O Re8 11. Nde2 Bg4 12. Bxc5 dxc5 13. Qxd8 Raxd8 14. Rad1  1/2-1/2

[Event "Olomouc Chess Summer 2025 - D2"]
[Site "Olomouc (CZE), Hotel Flora"]
[Date "2025.08.21"]
[Round "6"]
[Board "13"]
[White "Malinovsky, Petr"]
[Black "Lepik, Jaroslav"]
[Result "1/2-1/2"]
[WhiteElo "1977"]
[BlackElo "1876"]
[PlyCount "0"]
[EventDate "2025.08.17"]
[EventRounds "9"]
[EventCountry "CZE"]

1. d4 d5 2. c4 e6 3. Nc3 c6 4. e4 dxe4 5. Nxe4 Bb4+ 6. Bd2 Bxd2+ 7. Qxd2 Nf6 8. Nc3
O-O 9. Nf3 Re8 10. Bd3 c5 11. O-O cxd4 12. Nxd4 e5 13. Nf3 Nc6 14. Ne4 Nxe4 15. Bxe4
Qxd2 16. Nxd2 Be6 17. Bxc6 bxc6 18. b3 Bf5 19. Rfe1  1/2-1/2

[Event "Olomouc Chess Summer 2025 - D2"]
[Site "Olomouc (CZE), Hotel Flora"]
[Date "2025.08.21"]
[Round "6"]
[Board "14"]
[White "Bjornes, Leif"]
[Black "Franc, Lubor"]
[Result "1/2-1/2"]
[WhiteElo "1963"]
[BlackElo "1849"]
[PlyCount "0"]
[EventDate "2025.08.17"]
[EventRounds "9"]
[EventCountry "CZE"]

1. d4 Nf6 2. c4 g6 3. Nc3 d5 4. Bf4 c6 5. e3 Bg7 6. Nf3 O-O 7. Rc1 dxc4 8. Bxc4 Bf5
9. O-O Ne4 10. Qe2 Nxc3 11. bxc3 Bg4 12. Rfd1 Bxf3 13. gxf3 e6 14. Rb1 b5 15. Bd3
Nd7 16. c4 a6 17. Bd6 Re8 18. f4 Bf8 19. Bxf8 Kxf8 20. Qf3 Rc8 21. Be4 Nb8 22. Qg3
Qa5 23. Rb2  1/2-1/2

[Event "Olomouc Chess Summer 2025 - D2"]
[Site "Olomouc (CZE), Hotel Flora"]
[Date "2025.08.21"]
[Round "6"]
[Board "15"]
[White "Galt, Valeri"]
[Black "Kubala, Karel"]
[Result "1/2-1/2"]
[WhiteElo "1962"]
[BlackElo "1855"]
[PlyCount "0"]
[EventDate "2025.08.17"]
[EventRounds "9"]
[EventCountry "CZE"]

1. Nc3 d5 2. e4 dxe4 3. Nxe4 g6 4. Bc4 Bg7 5. Nf3 h6 6. c3 e6 7. d4 Nd7 8. Qc2 Ngf6
9. O-O Nxe4 10. Qxe4 O-O 11. Bf4 Kh7 12. h4 Nf6 13. Qc2 Bd7 14. Ne5 Nh5 15. Bg3 Bxe5
16. dxe5 Bc6 17. Rad1 Qe7 18. Kh2 Rad8 19. Rxd8 Rxd8 20. Rd1 Rxd1 21. Qxd1 Qd7 22.
Qxd7 Bxd7 23. f3 Nxg3 24. Kxg3 Kg7 25. Kf4 f6 26. exf6+ Kxf6  1/2-1/2

[Event "Olomouc Chess Summer 2025 - D2"]
[Site "Olomouc (CZE), Hotel Flora"]
[Date "2025.08.21"]
[Round "6"]
[Board "16"]
[White "Kolek, Josef"]
[Black "Marek, Jiri"]
[Result "0-1"]
[WhiteElo "1846"]
[BlackElo "1961"]
[PlyCount "0"]
[EventDate "2025.08.17"]
[EventRounds "9"]
[EventCountry "CZE"]

1. e4 c5 2. Nf3 Nc6 3. d4 cxd4 4. Nxd4 g6 5. Nc3 Bg7 6. Be3 d6 7. Bc4 Nf6 8. f3 O-O
9. Qd2 Re8 10. Bb3 a6 11. O-O-O b5 12. Nxc6 Qc7 13. Nd4 Bd7 14. g4 Reb8 15. g5 Nh5
16. Nd5 Qd8 17. f4 a5 18. a3 b4 19. a4 e6 20. Nf6+ Nxf6 21. gxf6 Bxf6 22. f5 Qe8
23. fxe6 fxe6 24. Nb5 Bxb5 25. axb5 a4 26. Bc4 a3 27. Qxb4 axb2+ 28. Kd2 Kh8 29.
Ke2 d5 30. Bd3 dxe4 31. Bc4 g5 32. Qe1 Qh5+ 33. Kf1 Qf3+ 34. Kg1 Ra1  0-1

[Event "Olomouc Chess Summer 2025 - D2"]
[Site "Olomouc (CZE), Hotel Flora"]
[Date "2025.08.21"]
[Round "6"]
[Board "17"]
[White "Svanholm, Borge Waaktaar"]
[Black "Kretschmer, Wolfgang"]
[Result "1/2-1/2"]
[WhiteElo "1936"]
[BlackElo "1795"]
[PlyCount "0"]
[EventDate "2025.08.17"]
[EventRounds "9"]
[EventCountry "CZE"]

1. d4 d5 2. Nf3 Nf6 3. e3 e6 4. Be2 Be7 5. O-O O-O 6. c4 c6 7. b3 Nbd7 8. Bb2 a5
9. Nc3 b6 10. Qc2 Bb7 11. Rfd1 Qc7 12. Rac1 Rfc8 13. h3 Qd8 14. Qb1 h6 15. Kf1 Rab8
16. Kg1 Qe8 17. Re1 Bd6 18. g3 Qe7 19. Red1 Ba3 20. Kh2 Bxb2 21. Qxb2 Ba6 22. cxd5
Bxe2 23. Qxe2 cxd5 24. Rc2 Rc7 25. Rdc1 Rbc8 26. Nb5 Rxc2 27. Rxc2 Rxc2 28. Qxc2
Qb4 29. Nc3 Qd6 30. Qd3 Qc6 31. Nd2 g6 32. Kg1 Kg7 33. Kf1 Nf8 34. Ke2 N8d7 35. Ndb1
Nf8 36. Na3 N8d7 37. Nab5 Kf8 38. Na7 Qc7 39. Ncb5 Qc1 40. Qc3 Qxc3  1/2-1/2

[Event "Olomouc Chess Summer 2025 - D2"]
[Site "Olomouc (CZE), Hotel Flora"]
[Date "2025.08.21"]
[Round "6"]
[Board "18"]
[White "Stross, Frantisek"]
[Black "Balishansky, Alexander"]
[Result "0-1"]
[WhiteElo "1569"]
[BlackElo "1918"]
[PlyCount "0"]
[EventDate "2025.08.17"]
[EventRounds "9"]
[EventCountry "CZE"]

1. e4 Nf6 2. e5 Nd5 3. d4 d6 4. f4 g6 5. c4 Nb6 6. Nf3 Bg7 7. h3 Bf5 8. Bd3 Bxd3
9. Qxd3 dxe5 10. fxe5 Nc6 11. c5 Nd5 12. O-O Qd7 13. a3 a5 14. Nc3 O-O 15. Bd2 Nxc3
16. bxc3 Nxe5 17. Nxe5 Bxe5 18. Qe4 Bg7 19. Qxb7 Bxd4+ 20. cxd4 Qxd4+ 21. Kh1 Qxd2
22. Rfd1 Qf4 23. Rd7 Qe5 24. Rc1 Rfc8 25. c6 Rab8 26. Qa7 Rb2 27. Qg1 Re2 28. Qf1
Rb8 29. Rxc7 Rb3 30. Rb7 Rxh3+  0-1

[Event "Olomouc Chess Summer 2025 - D2"]
[Site "Olomouc (CZE), Hotel Flora"]
[Date "2025.08.21"]
[Round "6"]
[Board "19"]
[White "Titera, Libor"]
[Black "Vlacil, Vladimir"]
[Result "1-0"]
[WhiteElo "1843"]
[BlackElo "1914"]
[PlyCount "0"]
[EventDate "2025.08.17"]
[EventRounds "9"]
[EventCountry "CZE"]

1. e4 c5 2. a3 e6 3. b4 d6 4. Bb2 Nf6 5. d3 Be7 6. c4 Nc6 7. b5 Nd4 8. Nf3 Nxf3+
9. Qxf3 e5 10. Qe3 O-O 11. Be2 Ne8 12. f4 exf4 13. Qxf4 Bg5 14. Qf3 f5 15. O-O Bf6
16. Nc3 fxe4 17. Qxe4 Bd4+ 18. Kh1 Nf6 19. Qh4 Be6 20. Nd1 Bxb2 21. Nxb2 Qd7 22.
d4 Rae8 23. Bd3 h6 24. Rad1 Nh7 25. Bg6 Bf7 26. Bxh7+ Kxh7 27. dxc5 Bg6 28. Rxf8
Rxf8 29. h3 d5 30. Qd4 Be4 31. Qxe4+  1-0

[Event "Olomouc Chess Summer 2025 - D2"]
[Site "Olomouc (CZE), Hotel Flora"]
[Date "2025.08.21"]
[Round "6"]
[Board "20"]
[White "fainberg, Boris"]
[Black "Filipik, Jaroslav"]
[Result "1-0"]
[WhiteElo "2083"]
[BlackElo "1779"]
[PlyCount "0"]
[EventDate "2025.08.17"]
[EventRounds "9"]
[EventCountry "CZE"]

1. d4 Nf6 2. c4 c6 3. Nc3 d5 4. Nf3 Bf5 5. e3 e6 6. Nh4 Bb4 7. Nxf5 exf5 8. Qb3 Qe7
9. Bd2 O-O 10. O-O-O Nbd7 11. Kb1 Rfb8 12. cxd5 Bxc3 13. Bxc3 Nxd5 14. Bd2 N7f6 15.
f3 a5 16. Bd3 g6 17. Rhe1 Nb4 18. Bf1 Rd8 19. a3 Nbd5 20. Bd3 a4 21. Qc2 Qc7 22.
g3 Qb6 23. e4 fxe4 24. fxe4 Nc7 25. Bg5 Qxd4 26. e5 Nfd5 27. Bxd8 Rxd8 28. Bxg6 Qb6
29. Bxh7+ Kh8 30. Be4 Nb5 31. Ka2 Qa5 32. Bxd5 cxd5 33. Qd2 Qb6 34. e6  1-0

[Event "Olomouc Chess Summer 2025 - D2"]
[Site "Olomouc (CZE), Hotel Flora"]
[Date "2025.08.22"]
[Round "7"]
[Board "1"]
[White "Bartos, Alois"]
[Black "Babula, Milan"]
[Result "1-0"]
[WhiteElo "1974"]
[BlackElo "2086"]
[PlyCount "0"]
[EventDate "2025.08.17"]
[EventRounds "9"]
[EventCountry "CZE"]

1. e4 e6 2. d4 d5 3. Nc3 Nf6 4. e5 Nfd7 5. Nce2 c5 6. c3 Nc6 7. f4 Qb6 8. Nf3 f6
9. Rb1 cxd4 10. Nexd4 fxe5 11. fxe5 Bc5 12. Bd3 Nf8 13. O-O Bd7 14. Be3 Nxd4 15.
cxd4 Be7 16. Ng5 Bxg5 17. Qh5+ g6 18. Qxg5 Qd8 19. Qh6 Rg8 20. Bg5 Qb6 21. Rf4 Bb5
22. Bxb5+ Qxb5 23. Rbf1 Qb4 24. a3  1-0

[Event "Olomouc Chess Summer 2025 - D2"]
[Site "Olomouc (CZE), Hotel Flora"]
[Date "2025.08.22"]
[Round "7"]
[Board "2"]
[White "Schmid, Thomas"]
[Black "Pospisil, Evzen"]
[Result "1/2-1/2"]
[WhiteElo "2038"]
[BlackElo "2020"]
[PlyCount "0"]
[EventDate "2025.08.17"]
[EventRounds "9"]
[EventCountry "CZE"]

1. e4 c5 2. Nf3 d6 3. Bb5+ Nd7 4. O-O a6 5. Bd3 Ngf6 6. Re1 g6 7. c3 Bg7 8. Bf1 O-O
9. d4 e5 10. a4 b6 11. h3 Bb7 12. d5 Ne8 13. c4 Nc7 14. Nc3 a5 15. g4 f6  1/2-1/2

[Event "Olomouc Chess Summer 2025 - D2"]
[Site "Olomouc (CZE), Hotel Flora"]
[Date "2025.08.22"]
[Round "7"]
[Board "3"]
[White "Kubicek, Antonin"]
[Black "Keprt, Pavel"]
[Result "1-0"]
[WhiteElo "2074"]
[BlackElo "1960"]
[PlyCount "0"]
[EventDate "2025.08.17"]
[EventRounds "9"]
[EventCountry "CZE"]

1. d4 e6 2. g3 f5 3. Bg2 d5 4. Nf3 Nf6 5. O-O Bd6 6. c4 c6 7. b3 Qe7 8. Bb2 f4 9.
Nbd2 O-O 10. Qc2 fxg3 11. hxg3 Na6 12. Rae1 Ba3 13. Ne5 Bxb2 14. Qxb2 Bd7 15. Bf3
Nc7 16. Kg2 Be8 17. Rh1 Nd7 18. Qb1 g6 19. Ng4 e5 20. e4 Qg5 21. Qd3 Ne6 22. exd5
Nxd4 23. dxc6 Nc5 24. Bd5+ Kh8 25. Qe3 Qxe3 26. Rxe3 bxc6 27. Be4 Nxe4 28. Nxe4 Rd8
29. Ng5 h5 30. Nxe5 Kg7 31. Rd1 Kf6 32. Nh7+ Kg7 33. Nxf8 Kxf8 34. c5 Rd5 35. Re4
Ne6 36. Rxd5 cxd5 37. Nxg6+  1-0

[Event "Olomouc Chess Summer 2025 - D2"]
[Site "Olomouc (CZE), Hotel Flora"]
[Date "2025.08.22"]
[Round "7"]
[Board "4"]
[White "Petras, Milan"]
[Black "Lorenc, Oldrich"]
[Result "1-0"]
[WhiteElo "1977"]
[BlackElo "2005"]
[PlyCount "0"]
[EventDate "2025.08.17"]
[EventRounds "9"]
[EventCountry "CZE"]

1. Nf3 g6 2. c4 Bg7 3. d4 Nf6 4. Nc3 d5 5. Bg5 c6 6. e3 O-O 7. Bd3 Nbd7 8. O-O Re8
9. cxd5 Nxd5 10. Nxd5 cxd5 11. Qb3 h6 12. Bf4 e6 13. Rfc1 a6 14. a4 e5 15. dxe5 Nxe5
16. Nxe5 Bxe5 17. Bxe5 Rxe5 18. Qc3 Re7 19. Qd4 Be6 20. Rc5 Rc7 21. Rac1 Rac8 22.
R1c3 Qd6 23. Rxc7 Rxc7 24. f3 h5 25. g3 Rxc3 26. Qxc3 Qb6 27. Kf2 a5 28. Ke2 Kf8
29. Kd2 Ke7 30. Bb5 Kd6 31. f4 Qc5 32. Qxa5 d4 33. Qd8+  1-0

[Event "Olomouc Chess Summer 2025 - D2"]
[Site "Olomouc (CZE), Hotel Flora"]
[Date "2025.08.22"]
[Round "7"]
[Board "5"]
[White "Dvorak, Vladimir"]
[Black "Mlynek, Petr"]
[Result "1/2-1/2"]
[WhiteElo "1912"]
[BlackElo "2007"]
[PlyCount "0"]
[EventDate "2025.08.17"]
[EventRounds "9"]
[EventCountry "CZE"]

1. e4 c6 2. d4 d5 3. Nc3 dxe4 4. Nxe4 Nf6 5. Nxf6+ exf6 6. c3 Bd6 7. Bd3 O-O 8. Qc2
Re8+ 9. Ne2 h5 10. O-O h4 11. h3 Nd7 12. Bd2 Nf8 13. Rae1 Qc7 14. c4 Be6 15. f4 Rad8
16. b4 b6 17. Rf3 Bc8 18. c5 bxc5 19. bxc5 Be7 20. f5 Rd5 21. Bc4 Rd7 22. Bf4 Qa5
23. Bd2 Qc7 24. Bf4 Qa5 25. Bd2 Qc7 26. Bf4  1/2-1/2